| 000 | 00994nam a2200217 i 4500 | ||
|---|---|---|---|
| 001 | 75625 | ||
| 003 | ES-MaACL | ||
| 005 | 20250826083215.0 | ||
| 007 | t| | ||
| 008 | 040927q1946 sp |||| | spa d | ||
| 100 | 1 |
_aGual Villalbí, Pedro. _960287 |
|
| 245 | 1 | 0 |
_aPreocupación actual por una política de la familia y relación con la política económica _b: discurso pronunciado por el Excmo. Sr. don Pedro Gual Villalbí en el Fomento del Trabajo Nacional, el día 18 de noviembre de 1945, con motivo de la inauguración de curso de la Academia de Ciencias Económico-Financieras. |
| 260 |
_aBarcelona : _bAriel, _c[1946?] |
||
| 300 |
_a38 p. ; _c24 cm. |
||
| 500 | _aPrecede al tit.: Fomento del Trabajo Nacional, Servicio Sindical de Alta Cultura Económica. | ||
| 650 | 4 |
_aFamilias- _xAspectos económicos. _9163801 |
|
| 650 | 0 | 4 |
_aPolítica familiar. _916295 |
| 710 | 2 |
_aFomento del Trabajo Nacional (Cataluña) _94136 |
|
| 852 |
_aES-MaACL _j1870-F-28 |
||
| 999 |
_c75625 _d75625 |
||